| 000 | 00719nam a2200217 i 4500 | ||
|---|---|---|---|
| 001 | 24462 | ||
| 003 | ES-MaACL | ||
| 005 | 20250820063022.0 | ||
| 007 | t| | ||
| 008 | 021217s1954 sp ||||1| spa d | ||
| 080 | _a821.134.2-31"19" | ||
| 100 | 1 |
_aVázquez, José Andrés, _d1884-1960 _9156568 |
|
| 245 | 1 | 0 |
_aTíteres en la plaza, seguida de El nieto de Don Juan : _bnovelas andaluzas / _cJosé Andrés Vázquez ; portada de Vázquez Díaz. |
| 250 | _aEd. especial. | ||
| 260 |
_a[Sevilla : _bs.n., _c1954] ( _fImp. Provincial) |
||
| 300 |
_a287 p. ; _c21 cm. |
||
| 700 | 1 |
_aVázquez Díaz, Daniel. _9113433 |
|
| 740 | 3 | 2 | _aEl nieto de Don Juan. |
| 852 |
_aES-MaACL _jC-8749 |
||
| 999 |
_c24462 _d24462 |
||